Complex variables and applications (Record no. 3507)

000 -LEADER
fixed length control field 00586nam a22002297a 4500
001 - CONTROL NUMBER
control field 3507
003 - CONTROL NUMBER IDENTIFIER
control field BD-DhUET
008 - FIXED-LENGTH DATA ELEMENTS--GENERAL INFORMATION
fixed length control field 141101b xxu||||| |||| 00| 0 eng d
020 ## - INTERNATIONAL STANDARD BOOK NUMBER
International Standard Book Number 0070108552
040 ## - CATALOGING SOURCE
Transcribing agency 0
Modifying agency BD-DhUET
082 ## - DEWEY DECIMAL CLASSIFICATION NUMBER
Classification number 517.8
Item number CHU/1974
100 ## - MAIN ENTRY--PERSONAL NAME
Personal name Churchill, Ruel V.
245 ## - TITLE STATEMENT
Title Complex variables and applications
250 ## - EDITION STATEMENT
Edition statement 3rd ed.
260 ## - PUBLICATION, DISTRIBUTION, ETC. (IMPRINT)
Place of publication, distribution, etc. New York
Name of publisher, distributor, etc. McGraw-Hill
Date of publication, distribution, etc. 1974
300 ## - PHYSICAL DESCRIPTION
Extent x, 332 p.
Other physical details ill.
Dimensions 23 cm.
504 ## - BIBLIOGRAPHY, ETC. NOTE
Bibliography, etc Includes bibliographies
650 #0 - SUBJECT ADDED ENTRY--TOPICAL TERM
Topical term or geographic name as entry element Complex variables
700 ## - ADDED ENTRY--PERSONAL NAME
Personal name Brown, James W.
700 ## - ADDED ENTRY--PERSONAL NAME
Personal name Verhey, Roger F.
942 ## - ADDED ENTRY ELEMENTS (KOHA)
Koha item type General Book
Holdings
Koha date last seen Damaged status Piece designation (barcode) Price effective from Koha renewals Koha normalized classification for sorting Koha date last borrowed Not for loan Sublocation or collection (holding branch) Location (home branch) Lost status Shelving location Date acquired Withdrawn status Koha full call number Source of classification or shelving scheme Copy number Koha item type
2014-11-01 394112014-11-01 517_800000000000000_CHU_1974  Central Library, BUETCentral Library, BUET Circulation section2014-11-01 517.8/CHU/1974 1General Book
2014-11-01 433012014-11-01 517_800000000000000_CHU_1974  Central Library, BUETCentral Library, BUET Circulation section2014-11-01 517.8/CHU/1974 2General Book
2014-11-01 451092014-11-01 517_800000000000000_CHU_1974  Central Library, BUETCentral Library, BUET Circulation section2014-11-01 517.8/CHU/1974 3General Book
2016-05-18 528892014-11-01 517_800000000000000_CHU_1974  Central Library, BUETCentral Library, BUET Circulation section2014-11-01 517.8/CHU/1974 4General Book
2016-04-02 376552014-11-17 517_800000000000000_CHU_1974  Central Library, BUETCentral Library, BUET Circulation section2014-11-17 517.8/CHU/1974 5General Book
2016-08-30 580322014-11-172517_800000000000000_CHU_1974  Central Library, BUETCentral Library, BUET Circulation section2014-11-17 517.8/CHU/1974 6General Book
2015-05-03 528872015-05-03 517_800000000000000_CHU_19740000-00-00 Central Library, BUETCentral Library, BUET Circulation section2015-05-03 517.8/CHU/1974 7General Book
2015-05-03 376542015-05-03 517_800000000000000_CHU_1974  Central Library, BUETCentral Library, BUET Circulation section2015-05-03 517.8/CHU/1974 8General Book
2015-05-04 394122015-05-04 517_800000000000000_CHU_1974  Central Library, BUETCentral Library, BUET Circulation section2015-05-04 517.8/CHU/1974 9General Book
2015-05-20 580332015-05-20 517_800000000000000_CHU_1974  Central Library, BUETCentral Library, BUET Circulation section2015-05-20 517.8/CHU/1974 10General Book
2015-06-13 245352015-06-13 517_800000000000000_CHU_1974  Central Library, BUETCentral Library, BUET Reading section2015-06-13 517.8/CHU/1974 11Reading Item
2015-07-13 433042015-07-13 517_800000000000000_CHU_1974  Central Library, BUETCentral Library, BUET Circulation section2015-07-13 517.8/CHU/1974 12General Book